00740nam a2200217 a 450000100060000000300080000600500170001400800410003103500190007204000310009104100080012208200220013010000290015224500790018126000450026030000220030565000210032794200120034899900170036095201450037746257BD-RjUL20211209054128.016 s1948 enk 000 0 eng  a(BD-RjUL)46375 aDLCcGUdDLCdBD-RjULbeng aeng a332223bHIE 19481 aHill-Reid, W. S.914150910aLetters of an economic father /cWith an introduction by Beverley Nichols. aLondon : bThe Falcon Press Ltd., c1948 a140 p. ; c20 cm. 0aFinance.9141510 2ddccBK c46257d46257 00102ddc40708NFICaRUCLbRUCLcStackd1961-11-09eAnwar Iqbql Qqureshig10.00l0o332 HIE 1948r2016-08-01 00:00:00tC-2w2016-08-01yBK